Pets
| Main Author: | |
|---|---|
| Format: | Book |
| Published: |
Rawang :
Penerbit Mikamas ,
2007
|
| Series: | Science facts series
|
| Subjects: |
MARC
| LEADER | 00000cam a2200000 7i4500 | ||
|---|---|---|---|
| 001 | 0000107102 | ||
| 005 | 20070402.0 | ||
| 020 | |a 9830754227 | ||
| 090 | 0 | 0 | |a 590 |b KHO |
| 100 | 1 | |a Khoo, Kevin | |
| 245 | 1 | 0 | |a Pets |c Kevin Khoo |
| 260 | |a Rawang : |b Penerbit Mikamas , |c 2007 | ||
| 300 | |a 32p. : |b ill. ; |c 27cm. | ||
| 490 | 0 | |a Science facts series | |
| 650 | 0 | 0 | |a Pets |x Juvenile literature |
| 999 | |a 00200109 |b BUKU |c JUNIOR BOOKS |e PERPUSTAKAAN KOMUNITI PETALING JAYA | ||